| 000 | 00743nam a22001937a 4500 | ||
|---|---|---|---|
| 005 | 20171214161548.0 | ||
| 010 | _aUR-9976 | ||
| 020 |
_c100.00 _a- |
||
| 035 | _aU-8531 | ||
| 037 | _bDBAD/PUB | ||
| 100 | _aمتن طا ر ق با غپتی | ||
| 245 |
_aر سو ل کر یم صلی ا للہ و علیہ و سلم کی سماجی زندگی' _cمتن طا ر ق با غپتی |
||
| 246 |
_bRasool Kareem S.A.W.Ki Samaji Zindagi _aby Mateen Tariq Baghpati |
||
| 260 |
_aNew Delhi _bMarkazi Maktaba Islami Publishers _c2017 |
||
| 270 |
_aD-307,Dawat Nagar,Abul Fazal Enclave,Jamia Ngr. _bN.Delhi _e110025 _k- _l- |
||
| 300 |
_a312ص _c22 Cm.(B.b) |
||
| 500 | _aدو حصہ | ||
| 942 |
_2ddc _cUR _h270 _mم ح م |
||
| 999 |
_c148005 _d148005 |
||